[Event "Bayern-chTT (LL Nord)"]
[Site "Bayern 2008/09"]
[Date "2009.03.29"]
[Round "9.7"]
[White "Werner, Holger(72)"]
[Black "Brumm, Carsten Dr"]
[Result "1/2-1/2"]
[WhiteElo "1806"]
[BlackElo "2150"]
[PlyCount "37"]
[EventDate "2009.03.??"]
[EventType "team-tourn"]
[EventRounds "9"]
[WhiteTeam "Neutraubling 1"]
[BlackTeam "Erlangen-SC 1"]

1. e4 c5 2. Nc3 Nc6 3. g3 g6 4. Bg2 Bg7 5. d3 e6 6. Be3 d6 7. Nge2 Nd4 8. O-O
Ne7 9. Rb1 O-O 10. b4 Nxe2+ 11. Nxe2 cxb4 12. Rxb4 d5 13. Bg5 Qd6 14. Rb3 d4
15. Bc1 Rd8 16. Ba3 Qc7 17. Qb1 e5 18. c4 b6 19. f4 1/2-1/2

[Event "Bayern-chTT (LL Nord)"]
[Site "Bayern 2008/09"]
[Date "2009.03.29"]
[Round "9.8"]
[White "Goetz, Andreas(66)"]
[Black "Langensteiner, Matthias Dr"]
[Result "1/2-1/2"]
[WhiteElo "2064"]
[BlackElo "1925"]
[PlyCount "46"]
[EventDate "2009.03.??"]
[EventType "team-tourn"]
[EventRounds "9"]
[WhiteTeam "Erlangen-SC 1"]
[BlackTeam "Neutraubling 1"]

1. d4 Nf6 2. Nf3 g6 3. Bf4 Bg7 4. e3 O-O 5. Be2 d6 6. h3 c5 7. c3 Nbd7 8. O-O
b6 9. Nbd2 Bb7 10. Qa4 a6 11. Rfd1 b5 12. Qc2 Qb6 13. a4 Rfc8 14. Bh2 Qc6 15.
axb5 axb5 16. Ne1 Qb6 17. Bf3 Ra7 18. Bxb7 Qxb7 19. dxc5 Nxc5 20. Rxa7 Qxa7 21.
Nb3 Nfe4 22. Ra1 Qb7 23. Nd4 b4 1/2-1/2

[Event "Bayern-chTT (LL Nord)"]
[Site "Bayern 2008/09"]
[Date "2009.03.29"]
[Round "9.1"]
[White "Haba, Zdenek"]
[Black "Golda, Harald"]
[Result "1-0"]
[WhiteElo "2205"]
[BlackElo "2298"]
[PlyCount "86"]
[EventDate "2009.03.??"]
[EventType "team-tourn"]
[EventRounds "9"]
[WhiteTeam "Kulmbach 1"]
[BlackTeam "Schweinfurt 1"]

1. e4 c5 2. Nc3 Nc6 3. g3 Nf6 4. Bg2 d6 5. d3 e6 6. f4 Be7 7. Nf3 O-O 8. O-O
Rb8 9. h3 b5 10. g4 b4 11. Ne2 c4 12. Be3 Ba6 13. g5 cxd3 14. cxd3 Nd7 15. d4
Qb6 16. Re1 e5 17. f5 Rfc8 18. Ng3 Qd8 19. d5 Nd4 20. Bxd4 exd4 21. f6 gxf6 22.
Nxd4 Ne5 23. gxf6 Bxf6 24. Ngf5 Kh8 25. Qh5 Rc4 26. Kh1 Nd3 27. Nc6 Rxc6 28.
dxc6 Qc7 29. Qh6 Be5 30. Rf1 Rg8 31. Rad1 Rg6 32. Qf8+ Rg8 33. Qe7 Qxc6 34. Nh6
Bc4 35. Nxf7+ Bxf7 36. Rxf7 Bg7 37. Rxd3 Qc1+ 38. Rf1 Qxb2 39. Rg3 Qe5 40. Qxe5
Bxe5 41. Rxg8+ Kxg8 42. Rf5 a5 43. Bf1 Kg7 1-0

[Event "Bayern-chTT (LL Nord)"]
[Site "Bayern 2008/09"]
[Date "2009.03.29"]
[Round "9.2"]
[White "Haag, Wolfgang"]
[Black "Forman, Stepan"]
[Result "1/2-1/2"]
[WhiteElo "2160"]
[BlackElo "2277"]
[PlyCount "78"]
[EventDate "2009.03.??"]
[EventType "team-tourn"]
[EventRounds "9"]
[WhiteTeam "Schweinfurt 1"]
[BlackTeam "Kulmbach 1"]

1. f4 d5 2. Nf3 c6 3. e3 Bg4 4. h3 Bxf3 5. Qxf3 Nd7 6. d4 e6 7. Bd3 Bd6 8. O-O
f5 9. c4 Qf6 10. b3 Ne7 11. Ba3 Bc7 12. Nc3 O-O 13. Rac1 Rac8 14. Rf2 Bb8 15.
Bxe7 Qxe7 16. c5 Kh8 17. b4 g5 18. fxg5 Qxg5 19. Ne2 Rce8 20. b5 e5 21. Bxf5 e4
22. Qg4 Qxe3 23. Rcf1 Nf6 24. Qh4 Re7 25. bxc6 bxc6 26. Kh1 Ng8 27. g4 Qh6 28.
Qxh6 Nxh6 29. Kg2 Kg7 30. Ng3 Bxg3 31. Kxg3 e3 32. Re2 Nxf5+ 33. gxf5 Kf6 34.
Rf4 Rfe8 35. Kf3 h5 36. Rh4 Kg5 37. Rf4 Kf6 38. Rh4 Kg5 39. Rf4 Kf6 1/2-1/2

[Event "Bayern-chTT (LL Nord)"]
[Site "Bayern 2008/09"]
[Date "2009.03.29"]
[Round "9.3"]
[White "Londyn, Radek"]
[Black "Dey, Jan-Marten"]
[Result "1-0"]
[WhiteElo "2253"]
[BlackElo "2213"]
[PlyCount "83"]
[EventDate "2009.03.??"]
[EventType "team-tourn"]
[EventRounds "9"]
[WhiteTeam "Kulmbach 1"]
[BlackTeam "Schweinfurt 1"]

1. Nf3 d5 2. d4 Nc6 3. e3 Bg4 4. Nbd2 e6 5. c4 Bxf3 6. Nxf3 Nf6 7. a3 a6 8. Bd3
dxc4 9. Bxc4 Bd6 10. O-O O-O 11. Qe2 e5 12. d5 Ne7 13. e4 Ng6 14. g3 h6 15. Kg2
Qd7 16. h3 c6 17. dxc6 Qxc6 18. Bd3 Rfc8 19. Be3 Bc5 20. Rac1 Qd6 21. Bb1 Bxe3
22. Qxe3 Nd7 23. b4 Qe6 24. Qd2 Ndf8 25. Ba2 Qe7 26. h4 Rd8 27. Qe3 Ne6 28.
Bxe6 Qxe6 29. Rc7 Rd7 30. Rxd7 Qxd7 31. h5 Nf4+ 32. gxf4 Qg4+ 33. Kh1 exf4 34.
Nh2 Qh4 35. Qf3 Re8 36. Rg1 Re5 37. Rg4 Qxh5 38. Qxf4 a5 39. Qf6 Rg5 40. Rxg5
hxg5 41. Qd8+ Kh7 42. Qxa5 1-0

[Event "Bayern-chTT (LL Nord)"]
[Site "Bayern 2008/09"]
[Date "2009.03.29"]
[Round "9.4"]
[White "Seidens, Udo"]
[Black "Vedral, Oldrich"]
[Result "1-0"]
[WhiteElo "2127"]
[BlackElo "2239"]
[PlyCount "120"]
[EventDate "2009.03.??"]
[EventType "team-tourn"]
[EventRounds "9"]
[WhiteTeam "Schweinfurt 1"]
[BlackTeam "Kulmbach 1"]

1. c4 e5 2. Nc3 Nc6 3. g3 g6 4. Bg2 Bg7 5. e3 d6 6. Nge2 f5 7. d4 Nh6 8. b4 O-O
9. b5 Ne7 10. O-O e4 11. f3 exf3 12. Bxf3 Nf7 13. Bg2 a6 14. Qb3 Kh8 15. Nf4
Ng8 16. Ncd5 Ng5 17. b6 cxb6 18. Nxb6 Rb8 19. Ba3 Re8 20. Rad1 Be6 21. Nxe6
Nxe6 22. c5 dxc5 23. d5 Nc7 24. Bxc5 Nb5 25. d6 Re5 26. Rd5 Rxd5 27. Qxd5 Bf8
28. Rd1 Nc3 29. Bd4+ Bg7 30. Bxg7+ Kxg7 31. Qd4+ Qf6 32. Qxf6+ Nxf6 33. Rd3
Nce4 34. d7 Rd8 35. Rd4 Kf8 36. g4 Nxg4 37. Bxe4 fxe4 38. Rxe4 Nf6 39. Rd4 Ke7
40. Rb4 Nxd7 41. Re4+ Kd6 42. Nc4+ Kc7 43. Re7 b5 44. Na5 Kb6 45. Nb3 Nf8 46.
Kf2 Rd7 47. Re8 Rf7+ 48. Ke2 g5 49. e4 Ng6 50. Re6+ Ka7 51. Ke3 Re7 52. Rd6 Ne5
53. Kd4 Nf3+ 54. Kd5 Nxh2 55. e5 Ng4 56. e6 Kb8 57. Nd4 Kc7 58. Rc6+ Kd8 59.
Rxa6 Nf6+ 60. Ke5 Nd7+ 1-0

[Event "Bayern-chTT (LL Nord)"]
[Site "Bayern 2008/09"]
[Date "2009.03.29"]
[Round "9.5"]
[White "Smid, Miroslav"]
[Black "Rink, Christian"]
[Result "1-0"]
[WhiteElo "2196"]
[BlackElo "2063"]
[PlyCount "93"]
[EventDate "2009.03.??"]
[EventType "team-tourn"]
[EventRounds "9"]
[WhiteTeam "Kulmbach 1"]
[BlackTeam "Schweinfurt 1"]

1. e4 e5 2. Nf3 Nc6 3. Bc4 Nf6 4. d4 exd4 5. O-O Bc5 6. e5 d5 7. exf6 dxc4 8.
fxg7 Rg8 9. Re1+ Be6 10. Bg5 Be7 11. Bxe7 Kxe7 12. Re4 Rxg7 13. Nxd4 Nxd4 14.
Rxd4 Qe8 15. Nc3 Qc6 16. Nd5+ Kf8 17. Nf4 Re8 18. g3 Rg5 19. Qd2 Re5 20. Rd8
Rxd8 21. Qxd8+ Kg7 22. Qd4 Qc5 23. Nxe6+ fxe6 24. Qg4+ Kf7 25. Rd1 Rd5 26. Re1
Rf5 27. Qe2 Kg7 28. Rd1 Rd5 29. Qg4+ Kf7 30. Qf4+ Kg7 31. Rxd5 Qxd5 32. c3 c5
33. h4 Qd1+ 34. Kg2 Qd5+ 35. Kh2 e5 36. Qg5+ Kf7 37. Qf5+ Kg7 38. h5 b5 39. g4
Qd6 40. g5 e4+ 41. Kg2 e3 42. h6+ Kg8 43. fxe3 Qd2+ 44. Kf3 Qd3 45. Qxc5 a6 46.
Qe7 Qf1+ 47. Ke4 1-0

[Event "Bayern-chTT (LL Nord)"]
[Site "Bayern 2008/09"]
[Date "2009.03.29"]
[Round "9.6"]
[White "Fischer, Emil"]
[Black "Oehrlein, Thomas"]
[Result "1/2-1/2"]
[WhiteElo "2093"]
[BlackElo "2188"]
[PlyCount "51"]
[EventDate "2009.03.??"]
[EventType "team-tourn"]
[EventRounds "9"]
[WhiteTeam "Schweinfurt 1"]
[BlackTeam "Kulmbach 1"]

1. e4 c5 2. Nc3 Nc6 3. g3 e6 4. Bg2 Be7 5. f4 a6 6. a4 b6 7. Nf3 Bb7 8. O-O h5
9. h3 Qc7 10. d3 Nf6 11. Be3 d5 12. exd5 exd5 13. d4 O-O-O 14. Ne2 Rhe8 15. Ne5
Bd6 16. c3 Ne4 17. Bxe4 dxe4 18. Qb3 f6 19. Nf7 Na5 20. Nxd6+ Rxd6 21. Qd1 Nc4
22. Qc1 f5 23. b3 Nxe3 24. Qxe3 c4 25. b4 Rg6 26. h4 1/2-1/2

[Event "Bayern-chTT (LL Nord)"]
[Site "Bayern 2008/09"]
[Date "2009.03.29"]
[Round "9.7"]
[White "Rehak, Martin"]
[Black "Ehrler, Eberhard"]
[Result "1/2-1/2"]
[WhiteElo "2128"]
[BlackElo "2077"]
[PlyCount "25"]
[EventDate "2009.03.??"]
[EventType "team-tourn"]
[EventRounds "9"]
[WhiteTeam "Kulmbach 1"]
[BlackTeam "Schweinfurt 1"]

1. d4 Nf6 2. Nf3 e6 3. g3 b5 4. a4 b4 5. c4 bxc3 6. bxc3 Be7 7. Bg2 d5 8. c4
O-O 9. O-O c6 10. Nbd2 Nbd7 11. Qc2 Ba6 12. Re1 Rc8 13. Ba3 1/2-1/2

[Event "Bayern-chTT (LL Nord)"]
[Site "Bayern 2008/09"]
[Date "2009.03.29"]
[Round "9.8"]
[White "Kuegel, Konrad"]
[Black "Janda, Pavel"]
[Result "1/2-1/2"]
[WhiteElo "2014"]
[BlackElo "2036"]
[PlyCount "43"]
[EventDate "2009.03.??"]
[EventType "team-tourn"]
[EventRounds "9"]
[WhiteTeam "Schweinfurt 1"]
[BlackTeam "Kulmbach 1"]

1. d4 Nf6 2. c4 e5 3. dxe5 Ng4 4. e4 d6 5. Nf3 Nc6 6. Be2 Ngxe5 7. Nc3 Nxf3+ 8.
Bxf3 g6 9. Be3 Be6 10. Be2 Bg7 11. Qd2 O-O 12. Bh6 Ne5 13. Bxg7 Kxg7 14. f4 Nc6
15. O-O f5 16. Rad1 Qe7 17. Nd5 Qf7 18. exf5 Bxf5 19. Bf3 h5 20. Rde1 Rae8 21.
Qc3+ Kh6 22. h3 1/2-1/2

[Event "Bayern-chTT (LL Nord)"]
[Site "Bayern 2008/09"]
[Date "2009.03.29"]
[Round "9.1"]
[White "Koch, Moritz"]
[Black "Barth, Norbert Dr"]
[Result "1/2-1/2"]
[WhiteElo "2249"]
[BlackElo "2208"]
[PlyCount "43"]
[EventDate "2009.03.??"]
[EventType "team-tourn"]
[EventRounds "9"]
[WhiteTeam "Puschendorf 1"]
[BlackTeam "Schwandorf 1"]

1. Nf3 Nf6 2. g3 d5 3. c4 e6 4. Bg2 Be7 5. O-O O-O 6. d4 dxc4 7. Qc2 a6 8. Qxc4
b5 9. Qc2 Bb7 10. Bd2 Be4 11. Qc1 Ra7 12. Rd1 Bb7 13. Bf4 Nd5 14. Nc3 Nd7 15.
Nxd5 Bxd5 16. Ne5 Bxg2 17. Kxg2 Nxe5 18. Bxe5 Qa8+ 19. Kg1 Rc8 20. Qe3 c5 21.
dxc5 Bxc5 22. Bd4 1/2-1/2

[Event "Bayern-chTT (LL Nord)"]
[Site "Bayern 2008/09"]
[Date "2009.03.29"]
[Round "9.2"]
[White "Muehling, Werner"]
[Black "Lauer, Moritz"]
[Result "0-1"]
[WhiteElo "2131"]
[BlackElo "2242"]
[PlyCount "114"]
[EventDate "2009.03.??"]
[EventType "team-tourn"]
[EventRounds "9"]
[WhiteTeam "Schwandorf 1"]
[BlackTeam "Puschendorf 1"]

1. d4 Nf6 2. Nf3 e6 3. c4 b6 4. g3 Ba6 5. b3 Bb4+ 6. Bd2 Be7 7. Bg2 d5 8. Ne5
c6 9. O-O Nfd7 10. Nxd7 Qxd7 11. cxd5 cxd5 12. Re1 O-O 13. Bc1 Nc6 14. Ba3 Rac8
15. Qd2 Rfd8 16. e3 Rc7 17. Bxe7 Qxe7 18. a3 Na5 19. Qb4 Bd3 20. Qxe7 Rxe7 21.
Nd2 Rc7 22. Bf1 Bxf1 23. Kxf1 Rc2 24. b4 Nb7 25. Ke2 Rdc8 26. Reb1 Nd6 27. Kd1
Kf8 28. Rc1 R2c3 29. Rxc3 Rxc3 30. Nb1 Rc7 31. Nd2 Nb5 32. Nb1 Ke8 33. Ra2 Nd6
34. Nd2 Rc3 35. Ra1 Kd7 36. Nb1 Rc7 37. Nd2 Nb5 38. Nb1 f6 39. a4 Nd6 40. Nd2
Rc3 41. b5 e5 42. dxe5 fxe5 43. Nb1 Rc8 44. Nd2 Rc3 45. Nb1 Rc7 46. Nd2 Nb7 47.
Nb3 Rc3 48. Nd2 Kd6 49. Ke2 Nc5 50. f4 Rc2 51. Kd1 Rxd2+ 52. Kxd2 Nb3+ 53. Kc3
Nxa1 54. Kb2 d4 55. e4 d3 56. Kc3 d2 57. Kxd2 Nb3+ 0-1

[Event "Bayern-chTT (LL Nord)"]
[Site "Bayern 2008/09"]
[Date "2009.03.29"]
[Round "9.3"]
[White "Lowitz, Torsten"]
[Black "Votruba, Pavel"]
[Result "1/2-1/2"]
[WhiteElo "2067"]
[BlackElo "2110"]
[PlyCount "28"]
[EventDate "2009.03.??"]
[EventType "team-tourn"]
[EventRounds "9"]
[WhiteTeam "Puschendorf 1"]
[BlackTeam "Schwandorf 1"]

1. e4 d6 2. d4 Nf6 3. Nc3 e5 4. dxe5 dxe5 5. Qxd8+ Kxd8 6. Bg5 Be6 7. O-O-O+
Kc8 8. Nf3 Nbd7 9. Bb5 Bd6 10. Rhe1 a6 11. Ba4 Nc5 12. Bb3 Nxb3+ 13. axb3 Nd7
14. Nd5 f6 1/2-1/2

[Event "Bayern-chTT (LL Nord)"]
[Site "Bayern 2008/09"]
[Date "2009.03.29"]
[Round "9.4"]
[White "Jehl, Guenter"]
[Black "Diekers, Michael"]
[Result "1/2-1/2"]
[WhiteElo "2076"]
[BlackElo "2105"]
[PlyCount "117"]
[EventDate "2009.03.??"]
[EventType "team-tourn"]
[EventRounds "9"]
[WhiteTeam "Schwandorf 1"]
[BlackTeam "Puschendorf 1"]

1. d4 d5 2. e3 Bf5 3. Nf3 c6 4. Bd2 e6 5. c4 Nf6 6. Nc3 Nbd7 7. Rc1 Bd6 8. Be2
h6 9. Nh4 Bh7 10. f4 Ne4 11. Nf3 O-O 12. O-O Ndf6 13. Nxe4 Nxe4 14. Be1 Be7 15.
b4 a6 16. c5 f6 17. a4 Qc7 18. Qb3 Bg6 19. Bd3 Bf7 20. Qc2 Bg6 21. Nh4 Bh7 22.
f5 exf5 23. Nxf5 Bxf5 24. Rxf5 g6 25. Bxe4 dxe4 26. Rf1 f5 27. Qc4+ Kg7 28. d5
cxd5 29. Bc3+ Bf6 30. Qxd5 Rad8 31. Qc4 Rd3 32. Bxf6+ Rxf6 33. Rc3 Rd2 34. Rc2
Rd3 35. Re1 Qe5 36. b5 axb5 37. axb5 Rf7 38. c6 bxc6 39. bxc6 Rc7 40. Rb1 f4
41. exf4 Qxf4 42. Re1 Qe5 43. Qxe4 Qxe4 44. Rxe4 Rd6 45. Rec4 Rf6 46. h4 Kh7
47. g4 Kg7 48. Kg2 Kg8 49. Kg3 Kg7 50. R2c3 Kh7 51. Rc5 Kg7 52. R3c4 Kh7 53. g5
hxg5 54. hxg5 Re6 55. Rd5 Rexc6 56. Rxc6 Rxc6 57. Rd7+ Kg8 58. Kf4 Rc5 59. Re7
1/2-1/2

[Event "Bayern-chTT (LL Nord)"]
[Site "Bayern 2008/09"]
[Date "2009.03.29"]
[Round "9.5"]
[White "Kotz, Reinhard"]
[Black "Dirmeier, Matthias"]
[Result "0-1"]
[WhiteElo "2075"]
[BlackElo "1947"]
[PlyCount "78"]
[EventDate "2009.03.??"]
[EventType "team-tourn"]
[EventRounds "9"]
[WhiteTeam "Puschendorf 1"]
[BlackTeam "Schwandorf 1"]

1. f4 Nf6 2. Nf3 g6 3. c4 c5 4. Nc3 Bg7 5. e4 d6 6. Be2 O-O 7. O-O Nc6 8. d3
Bd7 9. Nd5 Nxd5 10. cxd5 Nd4 11. Be3 Nxf3+ 12. Bxf3 Qb6 13. Rb1 a5 14. h4 a4
15. Qe2 e6 16. dxe6 Bxe6 17. b4 axb3 18. axb3 Qb5 19. h5 Ra3 20. g4 Rxb3 21.
Rxb3 Qxb3 22. f5 Bd7 23. Bg2 Ra8 24. Bf4 Bb5 25. Rd1 Ra2 26. Qf3 Bd4+ 27. Kh1
Rf2 28. Ra1 Rxf3 29. Ra8+ Kg7 30. h6+ Kf6 31. g5+ Ke7 32. f6+ Kd7 33. Bxf3 Qb1+
34. Kh2 Qg1+ 35. Kh3 Bxd3 36. Bg3 Bf1+ 37. Kh4 Bf2 38. Bxf2 Qxf2+ 39. Kg4 Be2
0-1

[Event "Bayern-chTT (LL Nord)"]
[Site "Bayern 2008/09"]
[Date "2009.03.29"]
[Round "9.6"]
[White "Stoeckl, Stephan"]
[Black "Seregelyes, Csaba"]
[Result "1/2-1/2"]
[WhiteElo "1976"]
[BlackElo "2056"]
[PlyCount "25"]
[EventDate "2009.03.??"]
[EventType "team-tourn"]
[EventRounds "9"]
[WhiteTeam "Schwandorf 1"]
[BlackTeam "Puschendorf 1"]

1. Nf3 d5 2. c4 d4 3. b4 c5 4. Bb2 Nc6 5. bxc5 e5 6. d3 Bxc5 7. g3 Nge7 8. Bg2
O-O 9. O-O Bf5 10. Nbd2 Qd7 11. Nb3 Bb4 12. Rb1 a6 13. Qc2 1/2-1/2

[Event "Bayern-chTT (LL Nord)"]
[Site "Bayern 2008/09"]
[Date "2009.03.29"]
[Round "9.7"]
[White "Sarec, Ivica"]
[Black "Lautner, Juergen"]
[Result "1-0"]
[WhiteElo "2016"]
[BlackElo "1942"]
[PlyCount "61"]
[EventDate "2009.03.??"]
[EventType "team-tourn"]
[EventRounds "9"]
[WhiteTeam "Puschendorf 1"]
[BlackTeam "Schwandorf 1"]

1. c4 Nf6 2. Nf3 c6 3. g3 d5 4. Bg2 Bf5 5. O-O e6 6. d3 Be7 7. Nbd2 h6 8. Rb1
a5 9. b3 O-O 10. Bb2 Bh7 11. Ne5 Na6 12. Rc1 a4 13. d4 a3 14. Bc3 Bb4 15. Ba1
Qa5 16. Nb1 Ne4 17. Nd3 Be7 18. f3 Nf6 19. c5 b5 20. Bc3 b4 21. Be1 Rab8 22.
Ne5 Qc7 23. Bd2 Bxb1 24. Rxb1 Bxc5 25. dxc5 Qxe5 26. Bf4 Qc3 27. Rc1 Qxc1 28.
Qxc1 Rbd8 29. Bd6 Rfe8 30. e4 e5 31. Re1 1-0

[Event "Bayern-chTT (LL Nord)"]
[Site "Bayern 2008/09"]
[Date "2009.03.29"]
[Round "9.8"]
[White "Paar, Johannes"]
[Black "Steinmueller, Alexander"]
[Result "1-0"]
[WhiteElo "1866"]
[BlackElo "2002"]
[PlyCount "85"]
[EventDate "2009.03.??"]
[EventType "team-tourn"]
[EventRounds "9"]
[WhiteTeam "Schwandorf 1"]
[BlackTeam "Puschendorf 1"]

1. e4 e6 2. d4 d5 3. Nd2 Nc6 4. c3 Nf6 5. e5 Nd7 6. Ndf3 f6 7. exf6 Qxf6 8. Bg5
Qf7 9. Bd3 Bd6 10. Qe2 O-O 11. O-O-O e5 12. dxe5 Ndxe5 13. Bc2 Bg4 14. Bb3 Qh5
15. Bxd5+ Kh8 16. Be3 Rae8 17. h3 Bxf3 18. Nxf3 Ng6 19. Qc2 Nf4 20. g4 Qg6 21.
Qxg6 Nxg6 22. Ng5 Nd8 23. h4 Nf4 24. Bb3 Ng2 25. Bd4 h6 26. Nh3 Nc6 27. g5 h5
28. g6 Nf4 29. Nxf4 Bxf4+ 30. Kb1 Bh6 31. Bc5 Rf5 32. Rhe1 Rfe5 33. Rxe5 Rxe5
34. Bd5 Nd8 35. Bf7 Nc6 36. Bd4 Re7 37. b4 Bf4 38. b5 Nxd4 39. Rxd4 Bd6 40. f4
b6 41. Rd5 Rxf7 42. gxf7 g6 43. Rxd6 1-0

[Event "Bayern-chTT (LL Nord)"]
[Site "Bayern 2008/09"]
[Date "2009.03.29"]
[Round "9.1"]
[White "Muehlbauer, Andreas(80)"]
[Black "Kraft, Volker(62)"]
[Result "0-1"]
[WhiteElo "2110"]
[BlackElo "2395"]
[PlyCount "60"]
[EventDate "2009.03.??"]
[EventType "team-tourn"]
[EventRounds "9"]
[WhiteTeam "Kötzting 1"]
[BlackTeam "Zirndorf 1"]

1. e4 c5 2. Nf3 d6 3. d4 cxd4 4. Nxd4 Nf6 5. Nc3 g6 6. Be3 Bg7 7. f3 O-O 8. Qd2
Nc6 9. Bc4 Bd7 10. O-O-O Rc8 11. Bb3 Ne5 12. Bh6 Bxh6 13. Qxh6 Rxc3 14. bxc3
Qc7 15. Qe3 a5 16. a4 Qc5 17. Kb2 b5 18. f4 Neg4 19. Qf3 bxa4 20. Ba2 Rb8+ 21.
Ka1 e5 22. fxe5 Nxe5 23. Qe3 Nc4 24. Qc1 Rb2 25. Qxb2 Nxb2 26. Kxb2 a3+ 27. Kc1
Qxc3 28. Bd5 Nxd5 29. exd5 Qb2+ 30. Kd2 Qxd4+ 0-1

[Event "Bayern-chTT (LL Nord)"]
[Site "Bayern 2008/09"]
[Date "2009.03.29"]
[Round "9.2"]
[White "Reis, Gerhard"]
[Black "Cedikova, Katerina"]
[Result "1/2-1/2"]
[WhiteElo "2149"]
[BlackElo "2132"]
[PlyCount "21"]
[EventDate "2009.03.??"]
[EventType "team-tourn"]
[EventRounds "9"]
[WhiteTeam "Zirndorf 1"]
[BlackTeam "Kötzting 1"]

1. Nf3 g6 2. c4 Bg7 3. Nc3 Nf6 4. g3 O-O 5. Bg2 d5 6. cxd5 Nxd5 7. O-O c5 8.
Qa4 Nc6 9. Qc4 Nxc3 10. dxc3 b6 11. Qh4 1/2-1/2

[Event "Bayern-chTT (LL Nord)"]
[Site "Bayern 2008/09"]
[Date "2009.03.29"]
[Round "9.3"]
[White "Sott, Pavel"]
[Black "Seibold, Hubert Dr"]
[Result "1/2-1/2"]
[WhiteElo "2116"]
[BlackElo "2148"]
[PlyCount "29"]
[EventDate "2009.03.??"]
[EventType "team-tourn"]
[EventRounds "9"]
[WhiteTeam "Kötzting 1"]
[BlackTeam "Zirndorf 1"]

1. e4 c5 2. Nc3 Nc6 3. Nge2 g6 4. d4 cxd4 5. Nxd4 Bg7 6. Be3 Nf6 7. Bc4 O-O 8.
Bb3 Ng4 9. Qxg4 Nxd4 10. Qd1 Nxb3 11. axb3 a6 12. Qd2 d6 13. Bh6 f5 14. Bxg7
Kxg7 15. h4 1/2-1/2

[Event "Bayern-chTT (LL Nord)"]
[Site "Bayern 2008/09"]
[Date "2009.03.29"]
[Round "9.4"]
[White "Heimrath, Wolfgang"]
[Black "Muehlbauer, Gerhard"]
[Result "1/2-1/2"]
[WhiteElo "2088"]
[BlackElo "1973"]
[PlyCount "44"]
[EventDate "2009.03.??"]
[EventType "team-tourn"]
[EventRounds "9"]
[WhiteTeam "Zirndorf 1"]
[BlackTeam "Kötzting 1"]

1. e4 c5 2. Nf3 d6 3. d4 cxd4 4. Nxd4 Nf6 5. f3 a6 6. c4 g6 7. Nc3 Bg7 8. Be3
O-O 9. Rc1 Nc6 10. Be2 Bd7 11. O-O Rc8 12. Qd2 Ne5 13. b3 Re8 14. Rfd1 Qc7 15.
Nd5 Qb8 16. h3 Bc6 17. Bf1 Rcd8 18. Bg5 Bxd5 19. cxd5 Rc8 20. Be3 Red8 21. Rxc8
Rxc8 22. Rc1 Rc7 1/2-1/2

[Event "Bayern-chTT (LL Nord)"]
[Site "Bayern 2008/09"]
[Date "2009.03.29"]
[Round "9.5"]
[White "Novacek, Karel"]
[Black "Zuehlke, Burkhard Dr"]
[Result "1/2-1/2"]
[WhiteElo "1938"]
[BlackElo "2029"]
[PlyCount "30"]
[EventDate "2009.03.??"]
[EventType "team-tourn"]
[EventRounds "9"]
[WhiteTeam "Kötzting 1"]
[BlackTeam "Zirndorf 1"]

1. e4 g6 2. d4 Bg7 3. Nc3 d6 4. Bc4 Nf6 5. Nf3 O-O 6. O-O Nxe4 7. Nxe4 d5 8.
Bd3 dxe4 9. Bxe4 Nd7 10. c3 Nf6 11. Bc2 c6 12. Re1 Nd5 13. Bg5 Be6 14. Qd2 Nc7
15. Bh6 Re8 1/2-1/2

[Event "Bayern-chTT (LL Nord)"]
[Site "Bayern 2008/09"]
[Date "2009.03.29"]
[Round "9.6"]
[White "Wiemer, Peter"]
[Black "Kern, Ludwig(68)"]
[Result "1/2-1/2"]
[WhiteElo "2089"]
[BlackElo "1928"]
[PlyCount "26"]
[EventDate "2009.03.??"]
[EventType "team-tourn"]
[EventRounds "9"]
[WhiteTeam "Zirndorf 1"]
[BlackTeam "Kötzting 1"]

1. e4 d6 2. d4 Nf6 3. Nc3 g6 4. Be2 Bg7 5. h4 h5 6. Nf3 Nbd7 7. Bf4 O-O 8. Qd2
c5 9. d5 Ng4 10. O-O a6 11. a4 Qc7 12. Rfe1 Ndf6 13. Bf1 Bd7 1/2-1/2

[Event "Bayern-chTT (LL Nord)"]
[Site "Bayern 2008/09"]
[Date "2009.03.29"]
[Round "9.7"]
[White "Weingut, Roland"]
[Black "Bildt, Thomas"]
[Result "1/2-1/2"]
[WhiteElo "1845"]
[BlackElo "1985"]
[PlyCount "26"]
[EventDate "2009.03.??"]
[EventType "team-tourn"]
[EventRounds "9"]
[WhiteTeam "Kötzting 1"]
[BlackTeam "Zirndorf 1"]

1. d4 d5 2. Nf3 Nf6 3. e3 e6 4. Bd3 c5 5. c3 Nc6 6. Nbd2 Be7 7. O-O O-O 8. dxc5
Bxc5 9. e4 dxe4 10. Nxe4 Nxe4 11. Bxe4 Bd7 12. Qe2 Qc7 13. Rd1 Rfd8 1/2-1/2

[Event "Bayern-chTT (LL Nord)"]
[Site "Bayern 2008/09"]
[Date "2009.03.29"]
[Round "9.8"]
[White "Zwingel, Stephan"]
[Black "Muehlbauer, Wolfgang sr(67)"]
[Result "1/2-1/2"]
[WhiteElo "1956"]
[BlackElo "1855"]
[PlyCount "26"]
[EventDate "2009.03.??"]
[EventType "team-tourn"]
[EventRounds "9"]
[WhiteTeam "Zirndorf 1"]
[BlackTeam "Kötzting 1"]

1. d4 Nf6 2. c4 e5 3. dxe5 Ng4 4. Bf4 g5 5. Bd2 Nxe5 6. Bc3 Bg7 7. Nf3 Nbc6 8.
e3 d6 9. Nxe5 Bxe5 10. Bxe5 Nxe5 11. Nd2 Bd7 12. Be2 Bc6 13. O-O Qf6 1/2-1/2